| 000 | 00355nam a22001457a 4500 | ||
|---|---|---|---|
| 003 | OSt | ||
| 005 | 20160727222524.0 | ||
| 008 | 160709b xxu||||| |||| 00| 0 eng d | ||
| 040 | _cTEST | ||
| 100 |
_92510 _a Palmer, F |
||
| 245 | _aA Pelican Original Grammer | ||
| 260 |
_aEng _b Penguin _c1971 |
||
| 300 | _aA Pelican Original Grammer | ||
| 942 |
_2ddc _cBK |
||
| 999 |
_c2177 _d2177 |
||